| 000 | 00000nam##2200000za#4500 |
| 001 | 9.679132 |
| 003 | CaOODSP |
| 005 | 20220107134005 |
| 007 | ta |
| 008 | 150407|1994||||xxc||||| f|0| 0 fre|d |
| 020 | |a0-662-98908-2 |
| 040 | |aCaOODSP|bfre |
| 043 | |an-cn--- |
| 086 | 1 |aH72-21/97-1994F |
| 110 | 2 |aCentre national d'information sur la violence dans la famille (Canada) |
| 245 | 10|aGuide de ressources en matière de violence familiale à l'intention des communautés autochtones / |cpar David McTimoney. |
| 260 | |aOttawa - Ontario : |bSanté Canada. |c1994. |
| 300 | |av, 49p. : |bfigures, références ; |c28 cm. |
| 563 | |aCouverture souple |
| 590 | |a94-08|b1994-02-25 |
| 691 | 07|aViolence familiale|2gcpds |
| 691 | 07|aAutochtones|2gcpds |
| 720 | 1 |aMcTimoney, David |
| 775 | 08|tA resource guide on family issues for aboriginal communities / |w(CaOODSP)9.645462 |